| 000 | 01300cam a2200385 a 4500 | ||
|---|---|---|---|
| 999 |
_c7541 _d7541 |
||
| 001 | 991022462669706706 | ||
| 003 | OSt | ||
| 005 | 20211216111443.0 | ||
| 008 | 040109s2003 sp a || 000 ||spa|c | ||
| 017 | _aDL M. 36782-2003 | ||
| 020 | _a8432311421 | ||
| 035 | _a(ES-BaCBU)b30641524-34csuc_network | ||
| 035 | _a(ES-BaCBU).b30641524 | ||
| 035 | _a(ccuc001)b30641524 | ||
| 035 | _a(OCoLC)806440502 | ||
| 040 |
_aES-BaCBU _bcat _cCDMR |
||
| 043 | _aa-iq--- | ||
| 080 | _a070.422.1(567)"2003" | ||
| 090 |
_aPN4823 _b.E86 2003 |
||
| 100 | 1 | _aEspinosa, Ángeles | |
| 245 | 1 | 0 |
_aDías de guerra : _bdiario de Bagdad / _cÁngeles Espinosa, Alberto Masegosa, Antonio Baquero ; prólogo de Ignacio Rupérez |
| 260 |
_aMadrid : _bSiglo Veintiuno de España, _c2003 |
||
| 300 |
_a203 p., [8] p. de làm. : _bil.; _c23 cm |
||
| 490 | 1 | _aSociología y política | |
| 650 | 0 | 4 |
_aCorresponsals de guerra _zIraq |
| 650 | 0 | 4 |
_aGuerra d'Iraq, 2003 _xRelats personals |
| 700 | 1 | _aMasegosa, Alberto, | |
| 700 | 1 | _aBaquero, Antonio, | |
| 830 | 0 | _aSociología y política (Siglo XXI) | |
| 907 |
_a.b30641524 _b25-03-20 _c08-05-08 _d09-01-04 _em _fa _g- _hspa _isp _j0 _k3 |
||
| 908 |
_aUAB _aUPF _aCCCB _aURL |
||
| 940 | _aUAB | ||
| 942 |
_2udc _cMON |
||
| 949 |
_a1002002756 _bINT 0162 _c1 _d1 _f09.09.09 _kCCCB |
||